[Event "2018 O2C Doeberl Cup Premier"]
[Site "Canberra, Australia"]
[Date "2018.03.29"]
[Round "1.9"]
[White "Bhat, Vishal"]
[Black "Sukandar, Irine Kharisma"]
[Result "0-1"]
[WhiteElo "2028"]
[BlackElo "2408"]
[PlyCount "56"]
[EventDate "2018.03.29"]

1. e4 e5 2. Nf3 d6 3. d4 exd4 4. Nxd4 Nf6 5. Nc3 Be7 6. g3 O-O 7. Bg2 c5 8.
Nde2 Nc6 9. O-O Rb8 10. Nf4 Re8 11. Ncd5 Bf8 12. Nxf6+ Qxf6 13. Nd5 Qg6 14. Re1
Bg4 15. f3 Bd7 16. c3 f5 17. f4 Rbc8 18. Qb3 Qf7 19. Qxb7 fxe4 20. Bxe4 Rb8 21.
Qa6 Rxe4 22. Nf6+ Qxf6 23. Rxe4 d5 24. Re1 c4 25. Be3 Rxb2 26. Rac1 Nd4 27.
Qxf6 Nf3+ 28. Kf1 Bh3# 0-1

[Event "2018 O2C Doeberl Cup Premier"]
[Site "Canberra, Australia"]
[Date "2018.03.29"]
[Round "1.10"]
[White "Lane, Gary W"]
[Black "Jiang, Zhaoyi"]
[Result "1-0"]
[WhiteElo "2385"]
[BlackElo "2011"]
[PlyCount "101"]
[EventDate "2018.03.29"]

1. e4 e6 2. d4 d5 3. Nd2 Be7 4. Bd3 c5 5. dxc5 Nf6 6. exd5 Qxd5 7. Ngf3 O-O 8.
O-O a5 9. Nc4 Bxc5 10. Qe2 Qd8 11. Bg5 Be7 12. Rad1 Qc7 13. Bh4 Nbd7 14. Bg3
Qc5 15. Nd6 Kh8 16. Bb5 Nb8 17. Ne5 Kg8 18. Nxc8 Rxc8 19. c3 a4 20. Rd4 Nc6 21.
Nxc6 bxc6 22. Bxa4 Qb6 23. Bb3 Bc5 24. Rd3 Nd5 25. Rfd1 h6 26. h4 Rd8 27. Qh5
Be7 28. Be5 Nf6 29. Qe2 Nd5 30. Qg4 Nf6 31. Qg3 Nh5 32. Qf3 Rxd3 33. Rxd3 Qb5
34. Re3 Nf6 35. g3 Rd8 36. c4 Qc5 37. Bc3 Qd6 38. Re1 c5 39. Bc2 Qa6 40. Bb3
Ne8 41. Rd1 Qb6 42. Bc2 Nf6 43. a4 Qa6 44. b3 Ne8 45. Rxd8 Bxd8 46. Qd3 Bf6 47.
Bxf6 gxf6 48. Qh7+ Kf8 49. Qxh6+ Ke7 50. Qe3 Qd6 51. h5 1-0

[Event "2018 O2C Doeberl Cup Premier"]
[Site "Canberra, Australia"]
[Date "2018.03.29"]
[Round "1.11"]
[White "Winkelman, Albert"]
[Black "Dale, Ari"]
[Result "0-1"]
[WhiteElo "2010"]
[BlackElo "2374"]
[PlyCount "84"]
[EventDate "2018.03.29"]

1. e4 d5 2. exd5 Qxd5 3. Nc3 Qd8 4. d4 Nf6 5. Nf3 Bg4 6. Be2 e6 7. Bg5 Be7 8.
Qd2 c6 9. h3 Bxf3 10. Bxf3 Nd5 11. Ne4 Bxg5 12. Qxg5 Qxg5 13. Nxg5 b5 14. Ne4
Nd7 15. b3 Ke7 16. O-O-O b4 17. Kb2 a5 18. c4 bxc3+ 19. Nxc3 Rhb8 20. Na4 Kd6
21. Rd2 N5b6 22. Nxb6 Rxb6 23. Rc1 a4 24. Rdc2 a3+ 25. Kb1 Rc8 26. Rc4 Ra6 27.
Kc2 Nb6 28. Rc5 Nd5 29. Bxd5 exd5 30. b4 Re8 31. Kd3 Rb6 32. f3 f5 33. g3 g5
34. R1c3 f4 35. gxf4 gxf4 36. Kd2 Rg8 37. Rxa3 Rxb4 38. Kc3 Rb1 39. Ra7 Rc1+
40. Kd2 Rxc5 41. dxc5+ Kxc5 42. Rxh7 Rg2+ 0-1

[Event "2018 O2C Doeberl Cup Premier"]
[Site "Canberra, Australia"]
[Date "2018.03.29"]
[Round "1.12"]
[White "Tao, Trevor"]
[Black "Prasad, Lalit"]
[Result "1-0"]
[WhiteElo "2366"]
[BlackElo "1986"]
[PlyCount "113"]
[EventDate "2018.03.29"]

1. d4 Nf6 2. Bf4 g6 3. e3 Bg7 4. Nf3 O-O 5. c4 c5 6. Nc3 cxd4 7. Nxd4 d6 8. Bg3
Nc6 9. Be2 Nxd4 10. exd4 Bf5 11. O-O Rc8 12. Qd2 d5 13. c5 Ne4 14. Nxe4 dxe4
15. Rfd1 e5 16. dxe5 Qxd2 17. Rxd2 Rxc5 18. b4 Bh6 19. bxc5 Bxd2 20. Rb1 Rc8
21. Rxb7 Rxc5 22. h3 a5 23. a4 Bc3 24. Rb5 Bd4 25. Rxc5 Bxc5 26. Bb5 Kf8 27.
Bh4 e3 28. Kf1 exf2 29. Bd8 Bd4 30. Bxa5 Ke7 31. Bc4 Bxe5 32. Kxf2 Be4 33. Bb4+
Ke8 34. Bc5 f5 35. a5 Kd7 36. Bb5+ Kc7 37. a6 g5 38. g3 h5 39. a7 Kb7 40. Be8
g4 41. h4 f4 42. gxf4 Bxf4 43. Bxh5 g3+ 44. Kg1 Bc7 45. Bg4 Ka6 46. Bh3 Bd8 47.
h5 Bg5 48. Bg2 Bxg2 49. Kxg2 Kb7 50. Kxg3 Bf6 51. Kf4 Bg7 52. Kf5 Bh6 53. Kg6
Bd2 54. Be7 Kxa7 55. Bg5 Bc3 56. h6 Bh8 57. Bf6 1-0

[Event "2018 O2C Doeberl Cup Premier"]
[Site "Canberra, Australia"]
[Date "2018.03.29"]
[Round "1.13"]
[White "Mallari, Donato"]
[Black "Clarke, Brandon G I"]
[Result "0-1"]
[WhiteElo "1966"]
[BlackElo "2362"]
[PlyCount "126"]
[EventDate "2018.03.29"]

1. e4 c5 2. Nc3 Nc6 3. g3 g6 4. Bg2 Bg7 5. d3 d6 6. Be3 e5 7. Qd2 Nge7 8. Bh6
O-O 9. Bxg7 Kxg7 10. Nge2 Nd4 11. Nd5 Nxd5 12. exd5 f5 13. c3 Nxe2 14. Qxe2 f4
15. Be4 Bh3 16. O-O-O Rf7 17. Kb1 b5 18. f3 Bf5 19. g4 Bc8 20. h4 Rb8 21. Rh2
h6 22. Rc1 Re7 23. h5 g5 24. c4 Reb7 25. Qe1 Rb6 26. Rcc2 Bd7 27. Ka1 Ra6 28.
b4 cxb4 29. Rb2 bxc4 30. dxc4 Qb6 31. Bb1 Qd4 32. Rhd2 Qe3 33. Qxe3 fxe3 34.
Rd3 Ra5 35. Rxe3 Rc5 36. Bd3 a5 37. Be2 Bc8 38. a3 Ba6 39. Re4 b3 40. Rb1 a4
41. Kb2 Rbc8 42. Rc1 Kf6 43. Kb1 Ke7 44. Kb2 Kd8 45. Kb1 Kc7 46. Kb2 Kb6 47.
Kb1 Bb7 48. Rd1 Ra5 49. Kb2 Kc5 50. Kc3 Rf8 51. Rf1 Raa8 52. Bd3 Rf6 53. Be2
Raf8 54. Re3 Rf4 55. Rc1 Ba6 56. Kb2 Rd4 57. Bd3 Rff4 58. Be4 Rd2+ 59. Kb1 Ra2
60. Rd3 Rxa3 61. Rdc3 Ra2 62. Rd3 Re2 63. Rdc3 Bc8 0-1

[Event "2018 O2C Doeberl Cup Premier"]
[Site "Canberra, Australia"]
[Date "2018.03.29"]
[Round "1.14"]
[White "Johansen, Darryl K"]
[Black "Yu, Sally"]
[Result "1-0"]
[WhiteElo "2354"]
[BlackElo "1960"]
[PlyCount "37"]
[EventDate "2018.03.29"]

1. c4 e5 2. Nc3 d6 3. d4 exd4 4. Qxd4 Nc6 5. Qd2 g6 6. b3 Bg7 7. Bb2 Nf6 8. g3
O-O 9. Bg2 Re8 10. Nh3 Ng4 11. O-O Rb8 12. Nf4 Ne7 13. Rad1 a6 14. c5 Nf5 15.
Ne4 Bxb2 16. Qxb2 Be6 17. cxd6 cxd6 18. Bh3 Ngh6 19. Nxe6 1-0

[Event "2018 O2C Doeberl Cup Premier"]
[Site "Canberra, Australia"]
[Date "2018.03.29"]
[Round "1.15"]
[White "Lam, Ross"]
[Black "Solomon, Stephen J"]
[Result "0-1"]
[WhiteElo "1924"]
[BlackElo "2349"]
[PlyCount "50"]
[EventDate "2018.03.29"]

1. d4 Nf6 2. c4 e6 3. Nc3 Bb4 4. e3 O-O 5. Nge2 d5 6. a3 Be7 7. cxd5 exd5 8. b4
Re8 9. Nf4 c6 10. Bd3 Nbd7 11. O-O Nf8 12. f3 Ng6 13. Nfe2 a5 14. b5 c5 15. Na4
b6 16. dxc5 bxc5 17. Qc2 Bd6 18. Kh1 Qe7 19. Bd2 Bb7 20. Nac3 Ne5 21. Ng3 g6
22. a4 h5 23. f4 Nxd3 24. Qxd3 h4 25. Nge2 h3 0-1

[Event "2018 O2C Doeberl Cup Premier"]
[Site "Canberra, Australia"]
[Date "2018.03.29"]
[Round "1.17"]
[White "Bennett, Hilton"]
[Black "Brown, Andrew"]
[Result "0-1"]
[WhiteElo "1911"]
[BlackElo "2278"]
[PlyCount "76"]
[EventDate "2018.03.29"]

1. g3 d5 2. Bg2 e5 3. d3 g6 4. Nf3 Bg7 5. O-O Ne7 6. e4 O-O 7. Nc3 Bg4 8. h3
Bxf3 9. Bxf3 c6 10. b3 f5 11. Bg5 h6 12. Bxe7 Qxe7 13. Bg2 dxe4 14. dxe4 f4 15.
Qe2 Kh7 16. Kh2 Na6 17. Rad1 Nc5 18. Nb1 Rf7 19. Nd2 Ne6 20. c3 Raf8 21. Nf3
Qc5 22. Rd3 a5 23. Rfd1 b5 24. g4 b4 25. Qd2 Qb6 26. Rc1 Nc5 27. cxb4 Nxd3 28.
Qxd3 axb4 29. Qc4 Qxf2 30. Qxb4 Rd8 31. a4 Rd3 32. Rf1 Qg3+ 33. Kh1 Rfd7 34. a5
Rd1 35. Qc4 R7d3 36. Nh2 f3 37. Bxf3 Rxf1+ 38. Nxf1 Qxf3+ 0-1

[Event "2018 O2C Doeberl Cup Premier"]
[Site "Canberra, Australia"]
[Date "2018.03.29"]
[Round "1.18"]
[White "Chen, Pengyu"]
[Black "Lai, Cyrus Ho-Yeung"]
[Result "1-0"]
[WhiteElo "2273"]
[BlackElo "1909"]
[PlyCount "89"]
[EventDate "2018.03.29"]

1. Nf3 c5 2. c4 Nc6 3. g3 g6 4. Bg2 Bg7 5. O-O e6 6. Nc3 Nge7 7. d3 d5 8. Bg5
O-O 9. Qc1 d4 10. Na4 b6 11. a3 Bd7 12. Rb1 a5 13. b3 Rb8 14. Qc2 h6 15. Bd2
Qc7 16. Rfc1 Rfc8 17. e3 e5 18. exd4 Nxd4 19. Nxd4 cxd4 20. b4 axb4 21. axb4
Bc6 22. Bxc6 Qxc6 23. b5 Qf3 24. Nb2 Qh5 25. Ra1 g5 26. Qd1 g4 27. Ra6 Ng6 28.
Na4 e4 29. dxe4 Be5 30. Nxb6 Nh4 31. gxh4 Qxh4 32. f4 gxf3 33. Qxf3 Qxh2+ 34.
Kf1 Qxd2 35. Qg2+ Qxg2+ 36. Kxg2 Rd8 37. Nd5 Kh7 38. Kf3 Rg8 39. Rh1 Rg3+ 40.
Kf2 Rg6 41. Ra7 Kg7 42. Ne7 Re6 43. Nf5+ Kg6 44. Rg1+ Kf6 45. Nxh6 1-0

[Event "2018 O2C Doeberl Cup Premier"]
[Site "Canberra, Australia"]
[Date "2018.03.29"]
[Round "1.19"]
[White "Russell, Paul"]
[Black "Stojic, Dusan"]
[Result "0-1"]
[WhiteElo "1897"]
[BlackElo "2265"]
[PlyCount "68"]
[EventDate "2018.03.29"]

1. e4 c5 2. Nf3 d6 3. d4 Nf6 4. Nc3 cxd4 5. Nxd4 a6 6. f3 e5 7. Nb3 Be6 8. Be3
Nbd7 9. g4 Nb6 10. g5 Nh5 11. Qd2 Be7 12. O-O-O Nf4 13. Kb1 Bxg5 14. Qxd6 Qxd6
15. Rxd6 Nd7 16. Na5 Be7 17. Rd2 Bb4 18. Nc4 f6 19. a3 Bxc3 20. bxc3 Ke7 21.
Nd6 g6 22. Kb2 Rhd8 23. c4 b6 24. Ka1 Nc5 25. Bxf4 exf4 26. e5 fxe5 27. Ne4
Nxe4 28. Rxd8 Rxd8 29. fxe4 Rd1+ 30. Kb2 f3 31. Kc3 Bh3 32. Bxh3 Rxh1 33. Kd3
Re1 34. Kd2 f2 0-1

[Event "2018 O2C Doeberl Cup Premier"]
[Site "Canberra, Australia"]
[Date "2018.03.29"]
[Round "1.20"]
[White "Song, Raymond"]
[Black "Otawa, Yuto"]
[Result "1/2-1/2"]
[WhiteElo "2233"]
[BlackElo "1895"]
[PlyCount "145"]
[EventDate "2018.03.29"]

1. c4 c5 2. Nf3 Nc6 3. Nc3 g6 4. e3 Nf6 5. d4 cxd4 6. exd4 d5 7. cxd5 Nxd5 8.
Qb3 Nxc3 9. Bc4 Nd5 10. Bxd5 e6 11. Bxc6+ bxc6 12. O-O Be7 13. Bh6 Qd5 14. Rfc1
f6 15. Qe3 Kf7 16. Bf4 Bd7 17. b3 Rhc8 18. Rc2 Be8 19. Rac1 g5 20. Bg3 Kg7 21.
h4 h6 22. hxg5 hxg5 23. Rc5 Qd8 24. Qxe6 Bxc5 25. dxc5 Bf7 26. Qg4 Qd5 27. Nd4
Re8 28. Nf5+ Kg6 29. Nd6 f5 30. Qb4 Re7 31. Qc3 f4 32. Qc2+ Kf6 33. Bh2 Bg6 34.
Qc3+ Qe5 35. g3 Qxc3 36. Rxc3 Re1+ 37. Kg2 g4 38. gxf4 Be4+ 39. Nxe4+ Rxe4 40.
Rd3 Rae8 41. Bg3 Kf5 42. Bh4 Kxf4 43. Rd7 a6 44. Rc7 R4e6 45. Ra7 Ke4 46. Bg3
Kd5 47. Bd6 Rxd6 48. cxd6 Kxd6 49. Rxa6 Re4 50. Kg3 Re2 51. Ra4 Kd5 52. Rf4
Rxa2 53. Kxg4 c5 54. Rf3 Rb2 55. Kg3 Kc6 56. Kf4 Kb5 57. Ke4 Re2+ 58. Kd3 Rb2
59. Kc3 Re2 60. Rf8 Re1 61. f4 Re3+ 62. Kc2 Kc6 63. f5 Rf3 64. Kb2 Kd6 65. f6
Ke6 66. Rc8 Kd6 67. Rd8+ Ke6 68. Re8+ Kd7 69. Rf8 Ke6 70. Rc8 Kd6 71. Ka3 Rxf6
72. Ka4 Rf4+ 73. Ka3 1/2-1/2

[Event "2018 O2C Doeberl Cup Premier"]
[Site "Canberra, Australia"]
[Date "2018.03.29"]
[Round "2.1"]
[White "Ma, Qun"]
[Black "Johansen, Darryl K"]
[Result "1-0"]
[WhiteElo "2645"]
[BlackElo "2354"]
[PlyCount "81"]
[EventDate "2018.03.29"]

1. e4 c5 2. Nf3 e6 3. d4 cxd4 4. Nxd4 Nc6 5. Nc3 d6 6. Be3 Nf6 7. f4 e5 8. Nb3
Ng4 9. Bc1 exf4 10. Bxf4 Be7 11. Qd2 O-O 12. O-O-O Be6 13. Kb1 a5 14. h3 Nge5
15. a3 a4 16. Nd4 Nxd4 17. Qxd4 Qa5 18. Nd5 Bxd5 19. Qxd5 Qc7 20. Bd2 Rfc8 21.
Bc3 Qb8 22. Bxe5 dxe5 23. Bc4 Qc7 24. Qxf7+ Kh8 25. Bd3 Rf8 26. Qc4 Qb6 27. Qb5
Qc7 28. Rhf1 Bf6 29. Be2 Rfc8 30. c3 Rd8 31. Rxd8+ Rxd8 32. Rd1 h6 33. Qxa4 Kh7
34. Bg4 Rxd1+ 35. Qxd1 Qb6 36. Ka2 g6 37. Qd5 Bg7 38. Bc8 Qf2 39. Qxb7 Qxg2 40.
Be6 h5 41. a4 1-0

[Event "2018 O2C Doeberl Cup Premier"]
[Site "Canberra, Australia"]
[Date "2018.03.29"]
[Round "2.2"]
[White "Clarke, Brandon G I"]
[Black "Gareyev, Timur"]
[Result "0-1"]
[WhiteElo "2362"]
[BlackElo "2590"]
[PlyCount "112"]
[EventDate "2018.03.29"]

1. e4 e5 2. Nf3 Nc6 3. Bc4 Bc5 4. b4 Bb6 5. a4 a6 6. Nc3 Nf6 7. O-O d6 8. Nd5
Nxe4 9. d3 Nf6 10. Bg5 Be6 11. Bxf6 gxf6 12. a5 Ba7 13. Nh4 h5 14. c3 f5 15. g3
Ne7 16. Nxe7 Qxe7 17. Bxe6 Qxe6 18. Qf3 d5 19. Nxf5 O-O-O 20. Rfe1 Kb8 21. Rac1
f6 22. h4 c6 23. Kg2 Rdg8 24. Rc2 Rg4 25. Rce2 Ka8 26. Kh2 Rh7 27. Kh1 Qg8 28.
Kh2 Qg6 29. Rc1 Qg8 30. Kh1 Qe6 31. Rce1 Qd7 32. Kh2 Rh8 33. Kh1 Qh7 34. Rc1
Qg8 35. Rce1 Qd8 36. Kh2 Qd7 37. Kh1 Rd8 38. Kh2 Qh7 39. Kh1 Rdg8 40. Rg1 Bb8
41. Kh2 Qg6 42. Ne7 e4 43. dxe4 dxe4 44. Qf5 Rxh4+ 45. Kg2 Qxf5 46. Nxf5 Rf4
47. Ne7 Rg7 48. Nc8 Bc7 49. Rd1 h4 50. Nb6+ Ka7 51. Rd7 Rxd7 52. Nxd7 hxg3 53.
fxg3 Rg4 54. Re3 f5 55. Nc5 Bf4 56. Re1 Rxg3+ 0-1

[Event "2018 O2C Doeberl Cup Premier"]
[Site "Canberra, Australia"]
[Date "2018.03.29"]
[Round "2.3"]
[White "Sengupta, Deep"]
[Black "Liu, Yi"]
[Result "1-0"]
[WhiteElo "2579"]
[BlackElo "2322"]
[PlyCount "64"]
[EventDate "2018.03.29"]

1. e4 e6 2. d4 d5 3. Nc3 Nf6 4. e5 Nfd7 5. f4 c5 6. Nf3 Nc6 7. Be3 cxd4 8. Nxd4
Bc5 9. Qd2 O-O 10. O-O-O a6 11. Nb3 Bb4 12. Bd3 b5 13. g4 Nb6 14. Qf2 Nc4 15.
Bc5 Bxc5 16. Nxc5 Qe7 17. g5 Rd8 18. Rhg1 Ra7 19. Rg3 g6 20. h4 Rc7 21. Nb3 Bd7
22. h5 Be8 23. Rh1 Nb4 24. Kb1 a5 25. Nd4 Rb8 26. Rgh3 a4 27. hxg6 fxg6 28. Nd1
Na6 29. Rh6 Nc5 30. Qh2 Qg7 31. Nf2 Rb6 32. Ng4 Nd7 1-0

[Event "2018 O2C Doeberl Cup Premier"]
[Site "Canberra, Australia"]
[Date "2018.03.29"]
[Round "2.4"]
[White "Solomon, Stephen J"]
[Black "Smirnov, Anton"]
[Result "1/2-1/2"]
[WhiteElo "2349"]
[BlackElo "2543"]
[PlyCount "95"]
[EventDate "2018.03.29"]

1. e4 c5 2. Nf3 d6 3. d4 cxd4 4. Nxd4 Nf6 5. Nc3 a6 6. Be2 e5 7. Nb3 Be7 8. O-O
O-O 9. Be3 Be6 10. a4 Nc6 11. Qd2 Nb4 12. Rfd1 Rc8 13. a5 d5 14. exd5 Nfxd5 15.
Nxd5 Nxd5 16. c4 Nxe3 17. Qxe3 Qc7 18. Rac1 h6 19. Rc2 Rcd8 20. Rxd8 Rxd8 21.
h3 Bb4 22. c5 Bd5 23. Bc4 Bc6 24. Re2 e4 25. Qg3 Qxg3 26. fxg3 Kf8 27. g4 Ke7
28. Kf2 f5 29. gxf5 Kf6 30. Ke3 Ke5 31. Rf2 Bd5 32. Rf4 Re8 33. Bxd5 Kxd5 34.
g4 Be1 35. Rf1 Bh4 36. Rd1+ Ke5 37. Rd7 Re7 38. Rd6 Bg5+ 39. Ke2 Rc7 40. Re6+
Kd5 41. Nd2 Re7 42. b4 Rxe6 43. fxe6 Be7 44. Ke3 Bg5+ 45. Ke2 Be7 46. Ke3 Bg5+
47. Ke2 Be7 48. Ke3 1/2-1/2

[Event "2018 O2C Doeberl Cup Premier"]
[Site "Canberra, Australia"]
[Date "2018.03.29"]
[Round "2.5"]
[White "Kunte, Abhijit"]
[Black "Chen, Pengyu"]
[Result "0-1"]
[WhiteElo "2499"]
[BlackElo "2273"]
[PlyCount "74"]
[EventDate "2018.03.29"]

1. Nf3 c5 2. g3 Nc6 3. Bg2 g6 4. O-O Bg7 5. c3 e5 6. e4 Nge7 7. d3 O-O 8. a3 d6
9. b4 h6 10. Nbd2 Be6 11. Rb1 b6 12. Bb2 f5 13. Re1 Qd7 14. exf5 gxf5 15. Nh4
Rae8 16. Qa4 Kh7 17. Nc4 Bf6 18. Nf3 e4 19. b5 Na5 20. Nfd2 Nxc4 21. dxc4 Ng6
22. f3 Rg8 23. Qc2 Kh8 24. fxe4 f4 25. e5 Bf5 26. Be4 Bxe4 27. Nxe4 Bxe5 28.
Qd2 Nh4 29. Rf1 Rg6 30. Rbe1 Qg4 31. Qe2 fxg3 32. Qxg4 gxh2+ 33. Kh1 Rxg4 34.
Nf6 Rg1+ 35. Rxg1 hxg1=Q+ 36. Kxg1 Nf3+ 37. Kf1 Re6 0-1

[Event "2018 O2C Doeberl Cup Premier"]
[Site "Canberra, Australia"]
[Date "2018.03.29"]
[Round "2.6"]
[White "Brown, Andrew"]
[Black "Morris, James"]
[Result "0-1"]
[WhiteElo "2278"]
[BlackElo "2461"]
[PlyCount "126"]
[EventDate "2018.03.29"]

1. d4 d5 2. c4 c6 3. Nf3 Nf6 4. Nc3 a6 5. e3 b5 6. b3 Bg4 7. Be2 e6 8. O-O Nbd7
9. h3 Bh5 10. Bb2 Qb8 11. cxd5 cxd5 12. Ne5 Bxe2 13. Nxe2 Bd6 14. Nxd7 Nxd7 15.
e4 O-O 16. e5 Bc7 17. Nf4 Qb6 18. Qg4 f5 19. exf6 Rxf6 20. Nxd5 exd5 21. Qxd7
Rd8 22. Qe7 Re6 23. Qc5 Re2 24. Ba3 Qb7 25. Rfe1 Bd6 26. Rxe2 Bxc5 27. Bxc5 h6
28. Rae1 Qf7 29. Re7 Qg6 30. R7e6 Qf7 31. b4 Ra8 32. Bd6 Ra7 33. a3 Qf5 34.
R6e5 Qd3 35. R5e3 Qg6 36. Be5 Rf7 37. Rc1 Kh7 38. f4 h5 39. g3 Qf5 40. Kg2 g5
41. Rc6 g4 42. hxg4 Qxg4 43. Rc1 Ra7 44. Bc7 Qd7 45. Bb6 Rb7 46. Bc5 Qg4 47.
Rh1 Rg7 48. Kf2 Qf5 49. Rh4 Rg4 50. Re5 Qc2+ 51. Re2 Rxh4 52. gxh4 Qf5 53. Bd6
Qg4 54. Re7+ Kg6 55. Ra7 Qxh4+ 56. Ke2 Qh2+ 57. Kd1 Qg1+ 58. Ke2 Qxd4 59. Rxa6
Kf5 60. Bb8 Qc4+ 61. Kf2 Qc8 62. Rb6 Qc2+ 63. Ke3 Qe4+ {Kd4 Ke5+} 0-1

[Event "2018 O2C Doeberl Cup Premier"]
[Site "Canberra, Australia"]
[Date "2018.03.29"]
[Round "2.7"]
[White "Mu, Ke"]
[Black "Kethro, Michael"]
[Result "1-0"]
[WhiteElo "2450"]
[BlackElo "2170"]
[PlyCount "89"]
[EventDate "2018.03.29"]

1. c4 e6 2. d4 d5 3. Nc3 Nf6 4. Nf3 Be7 5. Bf4 O-O 6. e3 Nbd7 7. c5 c6 8. Bd3
b6 9. b4 a5 10. a3 axb4 11. axb4 Bb7 12. O-O Qc8 13. Qe2 Nh5 14. Bg5 Bxg5 15.
Nxg5 Nhf6 16. f4 Qc7 17. h3 bxc5 18. bxc5 Ra5 19. Rxa5 Qxa5 20. Qb2 Qc7 21. Ra1
Ra8 22. Rxa8+ Bxa8 23. Qb4 g6 24. Nf3 h6 25. Qa3 Bb7 26. Na2 Kg7 27. Nb4 g5 28.
g3 g4 29. hxg4 Nxg4 30. Be2 f5 31. Ne5 Ngxe5 32. fxe5 Kf7 33. Kf2 Qd8 34. Qa7
Qa8 35. Qxa8 Bxa8 36. Ba6 Ke7 37. Nd3 Kd8 38. Nf4 Nf8 39. Kg2 Kc7 40. Kh3 Bb7
41. Bxb7 Kxb7 42. Kh4 Kc7 43. Kh5 Kd8 44. Kxh6 Ke8 45. Kg7 1-0

[Event "2018 O2C Doeberl Cup Premier"]
[Site "Canberra, Australia"]
[Date "2018.03.29"]
[Round "2.8"]
[White "Stojic, Dusan"]
[Black "Ikeda, Junta"]
[Result "1-0"]
[WhiteElo "2265"]
[BlackElo "2415"]
[PlyCount "59"]
[EventDate "2018.03.29"]

1. e4 c5 2. Nf3 d6 3. d4 cxd4 4. Nxd4 Nf6 5. Nc3 Nc6 6. Bc4 e6 7. Be3 Be7 8.
Bb3 O-O 9. Qe2 d5 10. O-O-O Bb4 11. Ndb5 Na5 12. Bg5 Nxb3+ 13. axb3 a6 14. Nd4
h6 15. Bxf6 Qxf6 16. exd5 Bxc3 17. bxc3 Qg5+ 18. Kb2 Qxd5 19. g4 Qc5 20. f4 Re8
21. Nf5 b5 22. Nd6 Rd8 23. Ne4 Qc7 24. Rxd8+ Qxd8 25. g5 hxg5 26. Rd1 Qe7 27.
Qh5 g6 28. Qh6 Bb7 29. Rd7 Qxd7 30. Nf6# 1-0

[Event "2018 O2C Doeberl Cup Premier"]
[Site "Canberra, Australia"]
[Date "2018.03.29"]
[Round "2.9"]
[White "Sukandar, Irine Kharisma"]
[Black "Cannon, David"]
[Result "1-0"]
[WhiteElo "2408"]
[BlackElo "2159"]
[PlyCount "61"]
[EventDate "2018.03.29"]

1. e4 c5 2. Nf3 e6 3. d4 cxd4 4. Nxd4 Nf6 5. Bd3 Nc6 6. Nxc6 bxc6 7. O-O d5 8.
Nd2 Be7 9. Qe2 O-O 10. b3 Nd7 11. Bb2 Re8 12. Rfd1 Nc5 13. Nf3 Qc7 14. Rac1 a5
15. Qe3 Bb7 16. Be5 Qc8 17. c4 dxe4 18. Bxe4 Nxe4 19. Qxe4 c5 20. Qg4 Bf8 21.
Rc3 Rd8 22. Re1 Qc6 23. Bf6 Rd6 24. Nh4 a4 25. Rg3 g6 26. Nf3 axb3 27. axb3 Rd3
28. Qh4 Rxb3 29. Ne5 Qb6 30. Ng4 Rb1 31. Qxh7+ 1-0

[Event "2018 O2C Doeberl Cup Premier"]
[Site "Canberra, Australia"]
[Date "2018.03.29"]
[Round "2.10"]
[White "Chan, Luis"]
[Black "Lane, Gary W"]
[Result "0-1"]
[WhiteElo "2210"]
[BlackElo "2385"]
[PlyCount "66"]
[EventDate "2018.03.29"]

1. d4 d5 2. c4 dxc4 3. Nf3 Nf6 4. e3 Bg4 5. Bxc4 e6 6. O-O Nbd7 7. Nbd2 c5 8.
Re1 cxd4 9. exd4 Be7 10. Qb3 Qc7 11. Ne5 Nxe5 12. dxe5 Nd7 13. Qg3 h5 14. Bf1
O-O 15. Nc4 a6 16. Bf4 g5 17. Bd2 f5 18. f4 b5 19. Ne3 h4 20. Qf2 gxf4 21. Qxf4
Qxe5 22. Nxg4 Qxf4 23. Bxf4 fxg4 24. Rxe6 Bc5+ 25. Be3 Rf6 26. Re4 Rf4 27. Re6
Kf7 28. Bxc5 Kxe6 29. Re1+ Kd5 30. Be7 g3 31. Be2 Ne5 32. Bg5 Re4 33. b3 Nd3
0-1

[Event "2018 O2C Doeberl Cup Premier"]
[Site "Canberra, Australia"]
[Date "2018.03.29"]
[Round "2.11"]
[White "Dale, Ari"]
[Black "Huang, Jimmy Ching-Chih"]
[Result "1-0"]
[WhiteElo "2374"]
[BlackElo "1890"]
[PlyCount "79"]
[EventDate "2018.03.29"]

1. d4 d5 2. c4 e6 3. Nc3 Nf6 4. cxd5 exd5 5. Bg5 Nbd7 6. e3 Be7 7. Bd3 c6 8.
Nf3 Nf8 9. Qc2 Ne6 10. Bh4 g6 11. h3 Ng7 12. g4 Be6 13. O-O-O O-O 14. Ne5 Nd7
15. Bxe7 Qxe7 16. f4 f5 17. g5 Rfc8 18. Be2 c5 19. Bf3 Nxe5 20. dxe5 d4 21. Nd5
Bxd5 22. Bxd5+ Kf8 23. Qb3 Rc7 24. exd4 cxd4+ 25. Kb1 Rac8 26. Rxd4 Qc5 27. Qb4
b6 28. Qxc5+ Rxc5 29. Bb3 Ke7 30. Rhd1 R5c7 31. a3 Ne6 32. Bxe6 Kxe6 33. h4 Rc6
34. h5 R8c7 35. Ka2 gxh5 36. Rd6+ Kf7 37. Rf6+ Rxf6 38. gxf6 Ke6 39. Rg1 Rc5
40. Rg7 1-0

[Event "2018 O2C Doeberl Cup Premier"]
[Site "Canberra, Australia"]
[Date "2018.03.29"]
[Round "2.12"]
[White "Goh, Sean Christian"]
[Black "Tao, Trevor"]
[Result "1-0"]
[WhiteElo "1837"]
[BlackElo "2366"]
[PlyCount "77"]
[EventDate "2018.03.29"]

1. d4 Nf6 2. c4 e6 3. Nc3 Bb4 4. e3 b6 5. Bd3 Bb7 6. f3 d5 7. Nge2 O-O 8. O-O
Nbd7 9. a3 Bxc3 10. Nxc3 c5 11. cxd5 exd5 12. Kh1 Qe7 13. Re1 Rfe8 14. Bd2 a6
15. b4 Qd6 16. Rb1 Bc6 17. Bc2 h6 18. Ne2 Bb5 19. bxc5 bxc5 20. dxc5 Qxc5 21.
Nd4 Ne5 22. Bb4 Qc7 23. Rc1 Bc4 24. a4 a5 25. Ba3 Ra6 26. Nb3 Qb8 27. Rb1 Qd8
28. Qd2 Rc6 29. Nd4 Rb6 30. Bc5 Rxb1 31. Rxb1 Nfd7 32. Ba3 Nf8 33. Nf5 Re6 34.
Qd4 f6 35. Bxf8 Qxf8 36. Qa7 Nf7 37. Rb8 Re8 38. Ne7+ Rxe7 39. Qa8 1-0

[Event "2018 O2C Doeberl Cup Premier"]
[Site "Canberra, Australia"]
[Date "2018.03.29"]
[Round "2.13"]
[White "Lin, Kerry"]
[Black "Bjelobrk, Igor"]
[Result "0-1"]
[WhiteElo "1851"]
[BlackElo "2380"]
[PlyCount "74"]
[EventDate "2018.03.29"]

1. e4 c5 2. Nf3 e6 3. d4 cxd4 4. Nxd4 a6 5. Be3 Nf6 6. Nc3 Qc7 7. a3 b5 8. Bd3
Bb7 9. O-O Be7 10. f4 d6 11. Qd2 Ng4 12. Rae1 O-O 13. f5 Nxe3 14. Qxe3 e5 15.
Nb3 Nd7 16. Rd1 Nf6 17. Be2 Rac8 18. g4 h6 19. h4 Nh7 20. Qd3 Bxh4 21. Qxd6 Be7
22. Qxc7 Rxc7 23. Nc1 Bxa3 24. bxa3 Rxc3 25. Bd3 Nf6 26. Rde1 Rxa3 27. Nb3 Rc8
28. Kg2 Nxg4 29. Kg3 Nf6 30. Kf3 Rc3 31. Na1 b4 32. Re3 a5 33. Rb1 h5 34. Nb3
Ng4 35. Ree1 Ba6 36. Red1 Bxd3 37. Rxd3 Rxc2 0-1

[Event "2018 O2C Doeberl Cup Premier"]
[Site "Canberra, Australia"]
[Date "2018.03.29"]
[Round "2.14"]
[White "Cabilin, Jeff"]
[Black "Song, Raymond"]
[Result "0-1"]
[WhiteElo "1948"]
[BlackElo "2233"]
[PlyCount "108"]
[EventDate "2018.03.29"]

1. c4 e6 2. Nc3 Nf6 3. g3 d5 4. cxd5 exd5 5. e3 c6 6. Nge2 Bd6 7. Bg2 Nbd7 8.
f4 Nc5 9. Qc2 g6 10. Nd4 Qe7 11. b3 Ne6 12. Nde2 Ng7 13. Bb2 Bf5 14. Qd1 Bd3
15. O-O h5 16. h3 O-O-O 17. Re1 Nf5 18. Nc1 Ba6 19. Qf3 Rhe8 20. N1e2 Ne4 21.
Nxe4 dxe4 22. Qf2 Bxe2 23. Rxe2 h4 24. g4 Ng3 25. Ree1 Bb4 26. Red1 Rd3 27. Qe1
Rxe3 28. Qxe3 Bc5 29. Kf2 Rd8 30. Rac1 Bb6 31. Ke1 Bxe3 32. dxe3 Qb4+ 33. Rc3
Qb5 34. Rxd8+ Kxd8 35. Rc4 Qa5+ 36. Kd1 Qxa2 37. Kc2 Qa6 38. Bf6+ Kc8 39. Kb2
Qa5 40. Rc3 Qd5 41. Bxh4 Qd2+ 42. Rc2 Qxe3 43. Bxg3 Qxg3 44. Bxe4 Qxh3 45. Rg2
Qe3 46. Bc2 Qxf4 47. Ka2 Qf3 48. Rg1 Qf2 49. Rc1 f5 50. gxf5 gxf5 51. Kb1 f4
52. Bf5+ Kc7 53. Rd1 Qe2 54. Kc1 Qe3+ 0-1

[Event "2018 O2C Doeberl Cup Premier"]
[Site "Canberra, Australia"]
[Date "2018.03.29"]
[Round "2.15"]
[White "Otawa, Yuto"]
[Black "Slater-Jones, Tom"]
[Result "1-0"]
[WhiteElo "1895"]
[BlackElo "2032"]
[PlyCount "79"]
[EventDate "2018.03.29"]

1. d4 d5 2. c4 dxc4 3. e4 e5 4. Nf3 exd4 5. Bxc4 Bb4+ 6. Nbd2 c5 7. O-O Nf6 8.
Qb3 O-O 9. e5 Bxd2 10. exf6 Bxc1 11. fxg7 Kxg7 12. Raxc1 Qd6 13. Ng5 Qf4 14.
Nxf7 Rxf7 15. Bxf7 Qxf7 16. Qg3+ Kf8 17. Rfe1 Nc6 18. Rxc5 Bf5 19. b4 a6 20. a4
Rd8 21. Qg5 Rd5 22. Rxd5 Qxd5 23. Qf6+ Qf7 24. Qh8+ Qg8 25. Re8+ Kxe8 26. Qxg8+
Ke7 27. Qg7+ Kd6 28. b5 axb5 29. axb5 Ne5 30. Qf8+ Ke6 31. Qc8+ Nd7 32. Qxb7 d3
33. Qc6+ Ke5 34. Qc3+ Kd5 35. b6 Nc5 36. Kf1 Bg6 37. Qxc5+ Kxc5 38. b7 Bh5 39.
b8=Q d2 40. Qe5+ 1-0